Збройна боротьба на Волині (Запис № 338214)

МАРК-запис
000 -Лідер
fixed length control field 00733nam a22002417a 4500
001 - Контрольний номер
control field 52166
003 - Ідентифікатор контрольного номера
control field UA-OsUOA
005 - Дата та час останнього входження (трансакції)
control field 20260428110104.0
007 - Фіксоване поле фізичного опису
fixed length control field ta
008 - Елементи даних фіксованої довжини – загальна інформація
fixed length control field 20080131b un ||||| |||| 00| 0 ukr d
040 ## - Джерело каталогізації
Агенція оригінальної каталогізації UA-OsUOA
Мова каталогізації ukr
Агенція, яка здійснювала перезапис UA-OsUOA
Агенція, яка здійснювала модифікацію UA-OsUOA
041 ## - Код мови
Код мови тексту/ звукової доріжки чи окремого заголовка (П) ukr
080 ## - Індекс Універсальної десяткової класифікації
Індекс Універсальної десяткової класифікації (УДК) (НП) 94(477.8)
090 ## - Локальний шифр розміщення
Класифікаційний індекс УДК 94(477.8)
Авторський знак (НП) Ф68
100 ## - Основне введення – ім’я особи
Ім’я особи (НП) Філоненко П.
9 (RLIN) 25105
245 ## - Відомості про назву
Назва (НП) Збройна боротьба на Волині
Решта назви (НП) спомини учасника
Дані про відповідальність (НП) П. Філоненко
260 ## - Публікація, розповсюдження і т.п. (Вихідні дані)
Місце публікації, розповсюдження і т.п. (П) Канада
Дата публікації, розповсюдження і т.п. (П) 1958
300 ## - Фізичний опис
Обсяг 56 с.
650 #7 - Додаткове предметне введення – тематичний термін
Тематичний термін чи географічна назва, як елемент введення (НП) 94(477) Історія України
Джерело заголовка чи терміна UDC
9 (RLIN) 19
942 ## - Додаткові елементи входу (Коха)
Тип елемента Koha Книги
Source of classification or shelving scheme Universal Decimal Classification
955 ## - Код типу видання за змістом
Код типу видання за змістом (НП) Навчальні видання
Фонди
Стан вилучень Стан втрат Джерело класифікації або схеми стелажів Стан уражень Не для кредиту Код колекції Постійне місце розташування Поточне розміщення Дата придбання Джерело придбання Вартість, звичайна ціна покупки Інвентарний номер Усього замовленно Повний номер виклику Штрих-код Дата останнього перегляду Ціна ефективна від Тип елемента Koha Вартість, ціна заміни Примітка, призначена для загального доступу
    Universal Decimal Classification     Колекція др. Константина Бризгуна (Оксани і Ярослава Соколиків) Наукова бібліотека ІДУД Наукова бібліотека ІДУД 22/04/2026 №10/22.04.2026 (ІДУД) 1.00 300735   94(477.8) Ф68 300735 22/04/2026 22/04/2026 Книги 1.00 Отримано в дар від Оксани Бризгун-Соколик ; містить екслібрис "Бризгуна"
    Universal Decimal Classification     Колекція др. Константина Бризгуна (Оксани і Ярослава Соколиків) ЧЗ - Читальна зала ЧЗ - Читальна зала 31/01/2008 13/2008 4.00 110746   94(477.8) Ф68 110746 11/02/2022 31/01/2008 Книги